00815nam a2200241 a 4500001001000000003000500010005001700015008004100032020001800073040000900091082001300100100003000113245012200143260003800265300001100303650003500314650002900349650004200378650005700420651004000477700002700517700002900544000114954CHAP20260421104850.0180817s2018 mx |r| ||||||spa d a9786071204974 cCHAP04a634bA4400aAlmaguer Vargas, Gustavo.10aFruticultura :bsustentable y rentable /cpor Guatavo Almaguer Vargas, Alma Velia Ayala Garay y Martín Gaona Ponce. aChapingo, Méx. :bUACH.,c2018. a201 p.14aArboles frutalesxEnfermedades14aFrutaxEfecto del clima.14aFruticulturaxCostos de producción.14aFruticulturaxInnovaciones tecnológicaszMéxico. 0aAmerica LatinaxCondiciones rurales0 aGaona Ponce, Martín.1 aAyala Garay, Alma Nidia.